| 000 | 00612nam a2200181 4500 | ||
|---|---|---|---|
| 001 | 112323 | ||
| 003 | ES-MaACL | ||
| 005 | 20230906185514.0 | ||
| 007 | t| | ||
| 008 | 061121s1955 sp r ||||1| spa d | ||
| 100 | 1 |
_aNiehans, Paul. _985629 |
|
| 245 | 1 | 0 |
_aTerapéutica celular / _cPaul Niehans; prólogo del Prof. Dr. Hans Schmidt; traducción española por el Dr. José M. Plá Janini. |
| 260 |
_aBarcelona [etc.] : _bLabor, _c1955. |
||
| 300 |
_aXI, 426, IV p. : _bil. ; _c24 cm. |
||
| 700 | 1 |
_aSchmidt, Hans. _9104478 |
|
| 700 | 1 |
_aPla Janini, José María. _992495 |
|
| 852 |
_aES-MaACL _jC-9503 _bR.37843 |
||
| 999 |
_c112323 _d112323 |
||